Presidents' day : (Record no. 8867)

MARC details
000 -LEADER
fixed length control field 00885nam a22002657a 4500
001 - CONTROL NUMBER
control field 8867
003 - CONTROL NUMBER IDENTIFIER
control field FISKH
005 - DATE AND TIME OF LATEST TRANSACTION
control field 20251117135335.0
008 - FIXED-LENGTH DATA ELEMENTS--GENERAL INFORMATION
fixed length control field 251024b cb ||||| |||| 00| 0 eng d
020 ## - INTERNATIONAL STANDARD BOOK NUMBER
International Standard Book Number 9780516273761
040 ## - CATALOGING SOURCE
Original cataloging agency FISKH
Language of cataloging eng
Transcribing agency FISKH
Modifying agency FISKH
050 ## - LIBRARY OF CONGRESS CALL NUMBER
Classification number E176 .M19
082 ## - DEWEY DECIMAL CLASSIFICATION NUMBER
Classification number 394.261
100 ## - MAIN ENTRY--PERSONAL NAME
Personal name Marx, David F.
Relator term Author
245 ## - TITLE STATEMENT
Title Presidents' day :
Remainder of title Rookie read-about holidays /
Statement of responsibility, etc. By David F. Marx
260 ## - PUBLICATION, DISTRIBUTION, ETC.
Place of publication, distribution, etc. New York :
Name of publisher, distributor, etc. Children's Press ,
Date of publication, distribution, etc. 2002
300 ## - PHYSICAL DESCRIPTION
Extent 31 pages :
Other physical details color illustrations ;
Dimensions 18 cm
505 ## - FORMATTED CONTENTS NOTE
Formatted contents note P<br/>
520 ## - SUMMARY, ETC.
Summary, etc. Discusses the holiday known as Presidents' Day and the significant achievements of those presidents whom it honors, George Washington and Abraham Lincoln.
521 8# - TARGET AUDIENCE NOTE
Target audience note 630<br/>
Source Lexile<br/>
521 8# - TARGET AUDIENCE NOTE
Target audience note P<br/>
Source Raz-Plus<br/>
650 ## - SUBJECT ADDED ENTRY--TOPICAL TERM
Topical term or geographic name entry element Holidays
Form subdivision February - President's day
942 ## - ADDED ENTRY ELEMENTS (KOHA)
Source of classification or shelving scheme Dewey Decimal Classification
Koha item type Books
Suppress in OPAC No
Holdings
Withdrawn status Lost status Source of classification or shelving scheme Damaged status Not for loan Home library Current library Shelving location Date acquired Total Checkouts Full call number Barcode Date last seen Date last checked out Copy number Price effective from Koha item type
    Dewey Decimal Classification     Footprints International School Library Network Toul Tom Poung Campus Footprints International School Library Network Toul Tom Poung Campus TTP Primary Yellow Bookshelves 10/24/2025 2 MAR 394.261 E176 .M19 FISTK03235 03/31/2026 03/02/2026 1 10/24/2025 Books
    Dewey Decimal Classification     Footprints International School Library Network Toul Tom Poung Campus Footprints International School Library Network Toul Tom Poung Campus TTP Primary Yellow Bookshelves 11/17/2025   MAR 394.261 E176 .M19 FISBK02053 11/17/2025   2 11/17/2025 Books